Connais-tu Dadju? - Statistiques

Statistiques générales
  • Ce quiz a été pris 287 fois
  • Le résultat moyen est 8 sur 15
Statistiques - réponses
Questions Réponses % Correct
Combien a-t-il d'enfants? 3
93%
Combien a-t-il d'albums? 4
89%
Quel est son single le plus écouté? Reine
82%
Quelle est son origine? Congolais
80%
En quelle année a-t-il sorti son premier album? 2017
78%
Quel est le nom de son album en commun avec Tayc? Heritage
76%
Combien a-t-il de frères et soeurs? 14
64%
Quel est le nom de son film? Ima
54%
Quel est le surnom de sa fille? Maamou
51%
Avec qui était-il en duo avant d'être en solo? Abou Tall
37%
Il est né le même jour que... Tayc
34%
Comment s'appelle sa mère? Dalida
31%
Quel est son nom complet? Dadju Djuna Nsungula
25%
Comment a-t-il rencontré sa femme? Dans le train
17%
Quel est le surnom de son photographe? Codepuk
14%
Aucun quiz correspondant
Distribution des résultats
% des personnes avec chaque résultat
Percentile par nombre de réponses
Votre historique - résultats
Vous n’avez pas pris ce quiz